Polscy Władcy na Banknotach NBP - Statystyki

Ogólne statystyki
  • Ten quiz został rozwiązany 8 501 razy
  • Średni wynik to 4 z 6
Statystyki odpowiedzi
Nominał Władca % Poprawnych
10 złotych Mieszko I
98%
20 złotych Bolesław I Chrobry
87%
50 złotych Kazimierz III Wielki
84%
100 złotych Władysław II Jagiełło
68%
500 złotych Jan III Sobieski
60%
200 złotych Zygmunt I Stary
52%
Nie znaleziono quizów pasujących do podanych kryteriów
Rozkład punktacji
Procent ludzi z każdym wynikiem
Percentyl według liczby udzielonych odpowiedzi
Twoja historia wyników
Nie rozwiązałeś tego quizu